PECE: salarios fijos, precios móviles /
Guardado en:
| Hovedforfatter: | |
|---|---|
| Format: | Texto |
| Fag: | |
| Tags: |
Tilføj Tag
Ingen Tags, Vær først til at tagge denne postø!
|
MARC
| LEADER | 00000 a a2200000 04500 | ||
|---|---|---|---|
| 001 | 46021 | ||
| 003 | |||
| 040 | |||
| 100 | |a González Chávez, Gerardo | ||
| 245 | |a PECE: |b salarios fijos, precios móviles / |c Gerardo González Chávez | ||
| 650 | |a PECE | ||
| 650 | |a MEXICO | ||
| 650 | |a ECONOMIA | ||
| 773 | |g número60 (1992), páginas 13-16 | ||
| 999 | |c 21556 |d 21556 | ||
